[Event "4NCL Online Division 2"]
[Site "online"]
[Date "2020.04.14"]
[Round "2.154"]
[White "Warren, Alex M"]
[Black "Lv, Jason"]
[Result "0-1"]
[WhiteElo "1960"]
[BlackElo "1907"]
[PlyCount "90"]
[EventDate "2020.04.14"]
[WhiteTeam "CSC 2"]
[BlackTeam "Wigston 1"]

1. Nf3 Nf6 2. c4 e6 3. g3 d5 4. Bg2 dxc4 5. Qa4+ Nbd7 6. O-O a6 7. Qxc4 c5 8.
Qc2 b6 9. Ne5 Nd5 10. Nc6 Qc7 11. e4 N5f6 12. Nd4 Be7 13. b3 Bb7 14. Bb2 Rc8
15. Ne2 O-O 16. Nbc3 Rfd8 17. Rad1 Ne5 18. d3 Nc6 19. Qb1 b5 20. Ba1 Rd7 21. a4
b4 22. Na2 Rcd8 23. Qc2 e5 24. h3 a5 25. Nac1 Qb6 26. Kh1 Nd4 27. Nxd4 cxd4 28.
Ne2 Rc7 29. Qb2 Rdc8 30. Rc1 Rc3 31. Nxc3 bxc3 32. Qc2 Nd7 33. f4 Ba6 34. Rf3
Nc5 35. Rb1 exf4 36. gxf4 Qe6 37. Bf1 f5 38. Rg3 fxe4 39. dxe4 Nxe4 40. Bxa6
Nxg3+ 41. Kh2 Qxa6 42. Kxg3 d3 43. Qg2 Qg6+ 44. Kh2 Qxg2+ 45. Kxg2 c2 0-1

[Event "4NCL Online Division 2"]
[Site "online"]
[Date "2020.04.14"]
[Round "2.161"]
[White "Starley, Robert"]
[Black "Salmons, Calum"]
[Result "0-1"]
[WhiteElo "2147"]
[BlackElo "2065"]
[PlyCount "120"]
[EventDate "2020.04.14"]
[WhiteTeam "Yorkshire Universities"]
[BlackTeam "Sussex Starlings"]

1. e4 c5 2. Nf3 d6 3. d4 cxd4 4. Nxd4 Nf6 5. Nc3 g6 6. Be3 Bg7 7. f3 O-O 8. Qd2
Nc6 9. O-O-O d5 10. exd5 Nxd5 11. Nxc6 bxc6 12. Nxd5 cxd5 13. Qxd5 Qc7 14. Qc5
Qb7 15. Qa3 Rb8 16. b3 Bf5 17. Bd3 e6 18. Bxf5 exf5 19. Rd3 Rfe8 20. Kb1 a5 21.
Rhd1 a4 22. Qxa4 Ra8 23. Qd7 Qxd7 24. Rxd7 Rxe3 25. a4 Re2 26. R7d2 Rae8 27.
Ka2 Bc3 28. Rxe2 Rxe2 29. Rd3 Rxc2+ 30. Kb1 Rb2+ 31. Kc1 Bf6 32. g3 Rxh2 33. a5
Ra2 34. b4 Ra4 35. Rb3 Be7 36. b5 Rxa5 37. b6 Ra8 38. b7 Rb8 39. Kc2 Kf8 40.
Kd3 Ke8 41. Kd4 Bf6+ 42. Kc5 Kd7 43. Kb6 Bd4+ 44. Ka6 Kc6 45. f4 f6 46. Rb4 Bc5
47. Rb3 g5 48. Rb2 h5 49. Rb3 gxf4 50. gxf4 h4 51. Rb6+ Kc7 52. Rxf6 Rh8 53.
Rxf5 Bd6 54. Ka7 Kc6 55. Rf6 h3 56. b8=Q Rxb8 57. Rh6 Rb7+ 58. Ka6 Rb1 59. Rxh3
Ra1+ 60. Ra3 Rxa3# 0-1

[Event "4NCL Online Division 2"]
[Site "online"]
[Date "2020.04.14"]
[Round "2.162"]
[White "Howell, Oliver W"]
[Black "Chan, Sheng Liang Bernard"]
[Result "1-0"]
[WhiteElo "2057"]
[BlackElo "2102"]
[PlyCount "117"]
[EventDate "2020.04.14"]
[WhiteTeam "Sussex Starlings"]
[BlackTeam "Yorkshire Universities"]

1. Nf3 d5 2. d4 Nf6 3. Bg5 Ne4 4. Bf4 Bf5 5. e3 e6 6. Nbd2 Bb4 7. c3 Be7 8.
Nxe4 Bxe4 9. Bd3 Bxd3 10. Qxd3 O-O 11. O-O c5 12. dxc5 Bxc5 13. c4 dxc4 14.
Qxc4 Qe7 15. Rac1 Bb6 16. Rfd1 Rd8 17. Rxd8+ Qxd8 18. Bg5 Qe8 19. Qc8 Nd7 20.
Qxb7 f6 21. Qe4 fxg5 22. Nxg5 Nf6 23. Qxe6+ Qxe6 24. Nxe6 Kf7 25. Nf4 Rd8 26.
b4 Rd2 27. a4 Ne4 28. a5 Bd8 29. f3 Nf6 30. e4 Rd4 31. Rc8 g5 32. Nd5 Nxd5 33.
Rxd8 Rd1+ 34. Kf2 Nc3 35. Rxd1 Nxd1+ 36. Ke2 Nc3+ 37. Kd3 Nb5 38. Kc4 Nc7 39.
b5 Ke7 40. b6 axb6 41. axb6 Na6 42. Kd5 Nb8 43. e5 h6 44. g3 Kd7 45. e6+ Ke7
46. f4 Na6 47. b7 Nc7+ 48. Kc6 Na6 49. Kb6 Nb8 50. f5 Kd6 51. g4 Nc6 52. e7
Nxe7 53. b8=Q+ Kd7 54. Qb7+ Kd6 55. Qg2 Nd5+ 56. Kb5 Ke5 57. Qb2+ Ke4 58. Qg7
Nc3+ 59. Qxc3 1-0

[Event "4NCL Online Division 2"]
[Site "online"]
[Date "2020.04.14"]
[Round "2.163"]
[White "Wagg, Joel"]
[Black "Sutton, Daniel"]
[Result "1/2-1/2"]
[WhiteElo "1967"]
[BlackElo "2005"]
[PlyCount "112"]
[EventDate "2020.04.14"]
[WhiteTeam "Yorkshire Universities"]
[BlackTeam "Sussex Starlings"]

1. e4 e5 2. Nf3 Nc6 3. Bb5 a6 4. Ba4 Nf6 5. O-O b5 6. Bb3 Bc5 7. Re1 d6 8. h3
O-O 9. c3 Ba7 10. d4 Bb7 11. Bg5 h6 12. Bh4 Re8 13. dxe5 Nxe5 14. Nxe5 Rxe5 15.
Nd2 Re8 16. Qf3 g5 17. Bg3 Kg7 18. h4 Qd7 19. hxg5 hxg5 20. Rad1 Qg4 21. Qxg4
Nxg4 22. Nf3 f6 23. Nd4 Kg6 24. Be6 Ne5 25. Bf5+ Kf7 26. Bxe5 Rxe5 27. g3 Rh8
28. f4 gxf4 29. gxf4 Ree8 30. Rd2 Reg8+ 31. Rg2 Rxg2+ 32. Kxg2 c5 33. Ne2 d5
34. Ng3 Bb8 35. Kf3 Rh4 36. Rh1 dxe4+ 37. Bxe4 Bxe4+ 38. Kxe4 Rxf4+ 39. Kd5 Rf2
40. Ne4 Rxb2 41. Rh7+ Kg6 42. Rb7 Be5 43. a4 Rc2 44. axb5 axb5 45. Rxb5 Kf5 46.
Rxc5 Re2 47. Nd6+ Kg4 48. Nf7 Bf4 49. Rc4 Kf5 50. Nd6+ Kg5 51. Ne4+ Kf5 52. Rc6
Rxe4 53. Rxf6+ Kxf6 54. Kxe4 Bc7 55. c4 Bb6 56. c5 Bxc5 1/2-1/2

[Event "4NCL Online Division 2"]
[Site "online"]
[Date "2020.04.14"]
[Round "2.164"]
[White "Gray, Edward"]
[Black "Chen, Matthew"]
[Result "1-0"]
[WhiteElo "2012"]
[BlackElo "1892"]
[PlyCount "59"]
[EventDate "2020.04.14"]
[WhiteTeam "Sussex Starlings"]
[BlackTeam "Yorkshire Universities"]

1. e4 c5 2. Nc3 e6 3. f4 d5 4. Bb5+ Nc6 5. Bxc6+ bxc6 6. d3 g6 7. Nf3 Bg7 8.
O-O Ne7 9. Qe1 O-O 10. Qh4 Ba6 11. f5 exf5 12. Bh6 f6 13. Bxg7 Kxg7 14. e5 Ng8
15. Rae1 Re8 16. Qg3 d4 17. Na4 Qd5 18. c4 dxc3 19. Nxc3 Qd7 20. Nh4 Nh6 21.
exf6+ Kxf6 22. Ne4+ Kg7 23. Nd6 Rxe1 24. Rxe1 Rd8 25. Re7+ Qxe7 26. Ndxf5+ Nxf5
27. Nxf5+ Kf7 28. Nxe7 Kxe7 29. Qe5+ Kf7 30. Qc7+ 1-0

[Event "4NCL Online Division 2"]
[Site "online"]
[Date "2020.04.21"]
[Round "3.11"]
[White "Combie, Alex B"]
[Black "Jugand, Jean-Baptiste"]
[Result "0-1"]
[WhiteElo "1990"]
[BlackElo "2065"]
[PlyCount "56"]
[EventDate "2020.04.21"]
[WhiteTeam "Ashfield Anonymous A"]
[BlackTeam "Kent KJCA Kestrels B"]

1. e4 c6 2. d4 d5 3. exd5 cxd5 4. Nf3 Nc6 5. c3 Nf6 6. Bd3 Bg4 7. Nbd2 e5 8.
dxe5 Nxe5 9. Be2 Nc6 10. O-O Bd6 11. Nd4 Bd7 12. N2f3 O-O 13. Bg5 h6 14. Bh4
Rc8 15. Nb5 Bb8 16. Bxf6 Qxf6 17. Qxd5 Rfd8 18. Qb3 Be6 19. Qc2 a6 20. Na3 Ne5
21. Nxe5 Qxe5 22. g3 Bf5 23. Qb3 Qxe2 24. Rae1 Qg4 25. Re7 Be6 26. Qxb7 Bd5 27.
Qb4 Qf3 28. Qf4 Qg2# 0-1

[Event "4NCL Online Division 2"]
[Site "online"]
[Date "2020.04.21"]
[Round "3.12"]
[White "Watson, Jacob"]
[Black "Gogia, Armaan"]
[Result "1/2-1/2"]
[WhiteElo "2095"]
[BlackElo "1990"]
[PlyCount "85"]
[EventDate "2020.04.21"]
[WhiteTeam "Kent KJCA Kestrels B"]
[BlackTeam "Ashfield Anonymous A"]

1. d4 Nf6 2. Nf3 g6 3. g3 Bg7 4. Bg2 O-O 5. O-O d6 6. Nbd2 Nc6 7. e4 e5 8. c3
Bg4 9. d5 Ne7 10. Qc2 Qd7 11. Nc4 Ne8 12. Ne3 Bxf3 13. Bxf3 f5 14. exf5 gxf5
15. Ng2 Nf6 16. c4 Ng6 17. Bd2 Rae8 18. Qc1 Kh8 19. Be2 f4 20. f3 Qh3 21. Qe1
Bh6 22. gxf4 Nxf4 23. Nxf4 Rg8+ 24. Kh1 Bxf4 25. Rf2 Bg3 26. Qf1 Qh4 27. Rg2
Bf4 28. Bxf4 Qxf4 29. Qf2 Rxg2 30. Qxg2 Rg8 31. Qf2 Ng4 32. Qg3 Qe3 33. fxg4
Qxe2 34. h3 Qxc4 35. Qf3 Qf4 36. Qxf4 exf4 37. Re1 h5 38. gxh5 Rg5 39. Re7 Rxd5
40. Rxc7 Rd1+ 41. Kg2 Rd2+ 42. Kf3 Rxb2 43. Kxf4 1/2-1/2

[Event "4NCL Online Division 2"]
[Site "online"]
[Date "2020.04.21"]
[Round "3.13"]
[White "Truman, Richard G"]
[Black "Merriman, James"]
[Result "0-1"]
[WhiteElo "1990"]
[BlackElo "1997"]
[PlyCount "178"]
[EventDate "2020.04.21"]
[WhiteTeam "Ashfield Anonymous A"]
[BlackTeam "Kent KJCA Kestrels B"]

1. d4 Nf6 2. c4 e6 3. g3 c5 4. d5 exd5 5. cxd5 d6 6. Bg2 g6 7. Nf3 Bg4 8. O-O
Bg7 9. Nc3 Bxf3 10. Bxf3 O-O 11. Bf4 a6 12. a4 Re8 13. Qc2 Qc7 14. Rab1 Nbd7
15. Rfd1 Rab8 16. b4 b6 17. b5 a5 18. Rdc1 Ne5 19. Bxe5 Rxe5 20. e4 h5 21. Nd1
Rbe8 22. Nc3 h4 23. Re1 Qe7 24. Rbd1 Kh7 25. Bg2 Qd7 26. f4 R5e7 27. e5 Ng4 28.
Bh3 Ne3 29. Bxd7 Nxc2 30. Bxe8 Rxe8 31. Re2 Nd4 32. Re4 dxe5 33. fxe5 hxg3 34.
hxg3 Bxe5 35. Kg2 f5 36. Re3 Kg7 37. Ne2 Nc2 38. Rf3 Bd6 39. Kf2 c4 40. Nf4
Bc5+ 41. Kf1 Ne3+ 42. Rxe3 Bxe3 43. d6 Bxf4 44. gxf4 Rd8 45. Rc1 Rxd6 46. Rxc4
Kf7 47. Ke2 Ke6 48. Rc7 Rd7 49. Rc6+ Rd6 50. Rc7 Rd4 51. Rc6+ Kf7 52. Ke3 Re4+
53. Kf3 Rxa4 54. Rxb6 Ra3+ 55. Kf2 Rb3 56. Rb7+ Kg8 57. b6 a4 58. Ra7 a3 59. b7
a2 60. Rxa2 Rxb7 61. Ra3 Kf7 62. Kf3 Re7 63. Rb3 Re1 64. Rb7+ Re7 65. Rb3 Kf6
66. Rb6+ Re6 67. Rb3 g5 68. fxg5+ Kxg5 69. Ra3 Rh6 70. Kf2 Rh2+ 71. Kg3 Rb2 72.
Rc3 Re2 73. Kf3 Re5 74. Ra3 Rb5 75. Rc3 Rb4 76. Ra3 Rf4+ 77. Kg3 Rg4+ 78. Kf3
Rh4 79. Kg3 f4+ 80. Kg2 Kg4 81. Rb3 Rh5 82. Ra3 Rc5 83. Rf3 Rc2+ 84. Rf2 f3+
85. Kg1 Rc1+ 86. Rf1 Rc4 87. Ra1 Kg3 88. Kf1 Rc2 89. Rb1 Rh2 0-1

[Event "4NCL Online Division 2"]
[Site "online"]
[Date "2020.04.21"]
[Round "3.14"]
[White "Cook, John"]
[Black "Garnett, John S"]
[Result "1/2-1/2"]
[WhiteElo "1815"]
[BlackElo "1982"]
[PlyCount "93"]
[EventDate "2020.04.21"]
[WhiteTeam "Kent KJCA Kestrels B"]
[BlackTeam "Ashfield Anonymous A"]

1. c4 e5 2. g3 Nc6 3. Nc3 g6 4. Bg2 Bg7 5. e4 d6 6. Nge2 f5 7. d3 Nf6 8. O-O
O-O 9. Nd5 Nxd5 10. cxd5 Ne7 11. Be3 c6 12. dxc6 Nxc6 13. Qb3+ Kh8 14. Rac1 Qe7
15. Nc3 Be6 16. Nd5 Qd7 17. a3 Bxd5 18. Qxd5 Ne7 19. Qb3 a6 20. Rc2 Rac8 21.
Rfc1 b5 22. Bb6 Rxc2 23. Rxc2 Rc8 24. h4 fxe4 25. dxe4 Rxc2 26. Qxc2 Qc6 27.
Qxc6 Nxc6 28. Kf1 Bh6 29. Bc7 Bc1 30. Bxd6 Bxb2 31. Bh3 Na5 32. Be6 Nc4 33.
Bxc4 bxc4 34. Ke2 Kg7 35. Kd2 Kf6 36. Bc5 h5 37. a4 g5 38. Be3 gxh4 39. gxh4
Ke6 40. f3 Kd6 41. Kc2 Bd4 42. Bg5 Kc5 43. Be7+ Kc6 44. Bd8 Kc5 45. Be7+ Kc6
46. Bd8 Kc5 47. Be7+ 1/2-1/2

[Event "4NCL Online Division 2"]
[Site "online"]
[Date "2020.04.21"]
[Round "3.21"]
[White "Saidmurodov, Shahjahon"]
[Black "Wallis, Ian J"]
[Result "0-1"]
[WhiteElo "2132"]
[BlackElo "2045"]
[PlyCount "90"]
[EventDate "2020.04.21"]
[WhiteTeam "CSC 1"]
[BlackTeam "Anglian Avengers 2"]

1. e4 e5 2. Nf3 Nc6 3. Nc3 Nf6 4. Bb5 Bb4 5. Bxc6 dxc6 6. Nxe5 Qe7 7. Nd3 Bxc3
8. dxc3 Qxe4+ 9. Qe2 Qxe2+ 10. Kxe2 Bf5 11. f3 O-O-O 12. Rd1 Nd5 13. a3 a5 14.
c4 Rhe8+ 15. Kf2 Nb6 16. c5 Nc4 17. g4 Bxd3 18. cxd3 Rd4 19. f4 a4 20. Rb1 Red8
21. Ke2 R4d5 22. b3 Na5 23. b4 Nb3 24. Bb2 f6 25. Bc3 h5 26. h3 hxg4 27. hxg4
Rh8 28. Rh1 Re8+ 29. Kf2 Rxd3 30. Bb2 Nd2 31. Rbd1 Ne4+ 32. Kg2 Rg3+ 33. Kf1
Rb3 34. Bc1 Ng3+ 35. Kg2 Nxh1 36. Rxh1 Re2+ 37. Kf1 Rc2 38. Rh8+ Kd7 39. Rh7
Rxc1+ 40. Ke2 Rc2+ 41. Kd1 Rg2 42. Rxg7+ Ke8 43. Kc1 Rxa3 44. Kb1 Rf3 45. Rg8+
Kf7 0-1

[Event "4NCL Online Division 2"]
[Site "online"]
[Date "2020.04.21"]
[Round "3.22"]
[White "Marshall, Michael"]
[Black "Garwood, Colin"]
[Result "1/2-1/2"]
[WhiteElo "1840"]
[BlackElo "2140"]
[PlyCount "69"]
[EventDate "2020.04.21"]
[WhiteTeam "Anglian Avengers 2"]
[BlackTeam "CSC 1"]

1. d4 Nf6 2. Nf3 e6 3. Bf4 d5 4. e3 Bd6 5. Bg3 Bxg3 6. hxg3 c5 7. c3 Qb6 8. Qc2
Nc6 9. Nbd2 Bd7 10. Bd3 cxd4 11. exd4 Rc8 12. Nb3 Nb4 13. Qe2 Nxd3+ 14. Qxd3
Bb5 15. Qe3 Qd6 16. Nbd2 h6 17. Ne5 Rg8 18. g4 a5 19. g5 hxg5 20. Qxg5 Qe7 21.
Qe3 a4 22. a3 Kf8 23. Rh3 Be8 24. O-O-O Qd6 25. Rdh1 Bb5 26. Rh8 Ke7 27. Rxg8
Rxg8 28. Qf3 Be8 29. g4 Nd7 30. Qe3 f6 31. Nxd7 Kxd7 32. f4 Bg6 33. Qf3 Kc8 34.
Qe3 Qd7 35. Qf3 1/2-1/2

[Event "4NCL Online Division 2"]
[Site "online"]
[Date "2020.04.21"]
[Round "3.23"]
[White "Hasson, Peter"]
[Black "Kerr, Rowland"]
[Result "1/2-1/2"]
[WhiteElo "2095"]
[BlackElo "1802"]
[PlyCount "90"]
[EventDate "2020.04.21"]
[WhiteTeam "CSC 1"]
[BlackTeam "Anglian Avengers 2"]

1. c4 e5 2. g3 d6 3. Nc3 Be7 4. Bg2 f5 5. d3 Nf6 6. e3 O-O 7. Nge2 Qe8 8. b4 a5
9. b5 Nbd7 10. a4 Rb8 11. O-O Qh5 12. Nd5 Nxd5 13. cxd5 Nf6 14. f4 e4 15. Nc3
Qg6 16. Qc2 exd3 17. Qxd3 Nd7 18. Bb2 Nc5 19. Qc4 Bf6 20. Nd1 Re8 21. Ra3 Bd7
22. Bd4 b6 23. Nf2 Rbc8 24. Qc3 Kf7 25. Re1 h5 26. Bxf6 gxf6 27. Qd4 h4 28. e4
fxe4 29. Nxe4 Bf5 30. Rae3 Nxe4 31. Bxe4 Bxe4 32. Rxe4 hxg3 33. Rxe8 gxh2+ 34.
Kxh2 Rxe8 35. Rxe8 Kxe8 36. Qe3+ Kd8 37. Qe6 Qh7+ 38. Kg3 Qe7 39. f5 Qg7+ 40.
Kf3 Qg5 41. Kf2 Qf4+ 42. Kg2 Qg4+ 43. Kf2 Qf4+ 44. Kg2 Qg4+ 45. Kf2 Qf4+
1/2-1/2

[Event "4NCL Online Division 2"]
[Site "online"]
[Date "2020.04.21"]
[Round "3.24"]
[White "Paez, Alonso"]
[Black "Frostick, Clive A"]
[Result "0-1"]
[WhiteElo "1607"]
[BlackElo "2108"]
[PlyCount "102"]
[EventDate "2020.04.21"]
[WhiteTeam "Anglian Avengers 2"]
[BlackTeam "CSC 1"]

1. f4 e5 2. fxe5 d6 3. Nf3 Nc6 4. e3 dxe5 5. Bb5 Bd7 6. O-O Bd6 7. Nc3 Nf6 8.
d3 Qe7 9. e4 Bc5+ 10. Kh1 Ng4 11. Qe2 f6 12. h3 h5 13. Nd5 Qd6 14. Be3 O-O-O
15. Bxc6 Bxc6 16. Bxc5 Qxc5 17. b4 Qd6 18. c4 Bxd5 19. cxd5 Qxb4 20. Rab1 Qd6
21. Rfc1 Rd7 22. Kg1 Nh6 23. Qb2 b6 24. Qb5 Qa3 25. Rc4 Nf7 26. Ra4 Qc3 27.
Rxa7 Kd8 28. Nh4 Ke8 29. Ng6 Rh6 30. Ra8+ Nd8 31. Nh4 g6 32. Qb4 Qxb4 33. Rxb4
Ke7 34. Rc4 Nb7 35. Ra7 Nc5 36. Rc3 Kf7 37. Kf2 Rh8 38. Ke3 Rhd8 39. d4 exd4+
40. Kxd4 f5 41. Rxc5 bxc5+ 42. Kxc5 fxe4 43. Kc4 Kf6 44. Ra6+ Rd6 45. Rxd6+
cxd6 46. Kd4 g5 47. g4 gxh4 48. gxh5 Ra8 49. Kxe4 Rxa2 50. h6 Ra4+ 51. Kf3 Kg6
0-1

[Event "4NCL Online Division 2"]
[Site "online"]
[Date "2020.04.21"]
[Round "3.31"]
[White "John, Joshua"]
[Black "Jarmany, David"]
[Result "0-1"]
[WhiteElo "2042"]
[BlackElo "2267"]
[PlyCount "80"]
[EventDate "2020.04.21"]
[WhiteTeam "CSC 2"]
[BlackTeam "Maryport Assassins A"]

1. d4 d5 2. Nf3 Nc6 3. c4 Bg4 4. e3 e5 5. dxe5 dxc4 6. Qa4 Bxf3 7. gxf3 Qd5 8.
Nd2 b5 9. e4 Qxd2+ 10. Bxd2 bxa4 11. Bxc4 Nxe5 12. Bb5+ c6 13. Bxa4 Nxf3+ 14.
Ke2 Nd4+ 15. Kd3 O-O-O 16. Kc4 Nb5 17. Be3 Nf6 18. f3 Nd7 19. Rac1 Ne5+ 20. Kb3
Rd3+ 21. Kc2 Rxe3 22. Bxb5 Rxf3 23. Ba6+ Kc7 24. Kd2 Bb4+ 25. Ke2 Rd8 26. Rhd1
Rh3 27. Rxd8 Rxh2+ 28. Ke3 Kxd8 29. Kd4 f6 30. a3 Ba5 31. b4 Bb6+ 32. Kc3 g5
33. Rd1+ Ke7 34. Bc8 g4 35. a4 g3 36. a5 Bf2 37. b5 g2 38. b6 axb6 39. a6 b5
40. Bh3 Rxh3+ 0-1

[Event "4NCL Online Division 2"]
[Site "online"]
[Date "2020.04.21"]
[Round "3.32"]
[White "Davis, Holden"]
[Black "Fink-Nunn, Petra"]
[Result "1-0"]
[WhiteElo "1982"]
[BlackElo "1966"]
[PlyCount "63"]
[EventDate "2020.04.21"]
[WhiteTeam "Maryport Assassins A"]
[BlackTeam "CSC 2"]

1. e4 e5 2. Nf3 Nc6 3. Bc4 Nf6 4. d3 Be7 5. O-O O-O 6. a4 d6 7. c3 Na5 8. Ba2
c5 9. Re1 Nc6 10. Na3 Be6 11. Bc4 h6 12. Bd2 a6 13. h3 Rb8 14. b4 cxb4 15. cxb4
d5 16. exd5 Nxd5 17. b5 axb5 18. axb5 Nd4 19. Nxd4 exd4 20. Nc2 Bc5 21. Qf3 Qd6
22. Re4 Ra8 23. Rae1 Bd7 24. Rh4 Nc3 25. Bf4 Qf6 26. Qh5 Bxb5 27. Bxb5 Nxb5 28.
Rg4 Qc6 29. Bxh6 g6 30. Qe5 f6 31. Rxg6+ Kh7 32. Qh5 1-0

[Event "4NCL Online Division 2"]
[Site "online"]
[Date "2020.04.21"]
[Round "3.33"]
[White "Lawson, Maurice E"]
[Black "Hart, Roger"]
[Result "1-0"]
[WhiteElo "1983"]
[BlackElo "1915"]
[PlyCount "101"]
[EventDate "2020.04.21"]
[WhiteTeam "CSC 2"]
[BlackTeam "Maryport Assassins A"]

1. e4 g6 2. d4 Bg7 3. Nc3 d6 4. Be3 a6 5. Qd2 Nd7 6. O-O-O b5 7. Kb1 Bb7 8. f3
c5 9. Nce2 Rc8 10. Nc1 c4 11. Nge2 Nb6 12. Qa5 Nf6 13. d5 Nfd7 14. Bd4 O-O 15.
Bxg7 Kxg7 16. h4 h5 17. Qd2 Ne5 18. c3 Na4 19. f4 Ng4 20. g3 Qb6 21. Bh3 f5 22.
Bxg4 fxg4 23. Qd4+ Kg8 24. Qxb6 Nxb6 25. Nd4 Nd7 26. Ne6 Rf6 27. Rhe1 Nc5 28.
Nxc5 Rxc5 29. Ne2 e5 30. fxe5 dxe5 31. Rf1 Rxf1 32. Rxf1 Rc7 33. Rf6 Rg7 34.
Kc1 Kh7 35. Re6 g5 36. Rxe5 gxh4 37. Rxh5+ Kg6 38. Rxh4 Kg5 39. Nf4 Re7 40.
Rh5+ Kf6 41. Rf5+ Kg7 42. Ne6+ Kg6 43. Kd2 Bc8 44. Rg5+ Kf7 45. Rg7+ Ke8 46.
Rxe7+ Kxe7 47. Ke3 Bxe6 48. dxe6 Kxe6 49. Kf4 a5 50. a3 Kf6 51. Kxg4 1-0

[Event "4NCL Online Division 2"]
[Site "online"]
[Date "2020.04.21"]
[Round "3.34"]
[White "Sharkey, Gary"]
[Black "Warren, Alex M"]
[Result "0-1"]
[WhiteElo "1765"]
[BlackElo "1960"]
[PlyCount "83"]
[EventDate "2020.04.21"]
[WhiteTeam "Maryport Assassins A"]
[BlackTeam "CSC 2"]

1. d4 Nf6 2. Nc3 d5 3. e4 Nxe4 4. Nxe4 dxe4 5. Bc4 c5 6. d5 Nd7 7. Bf4 a6 8.
Be2 Nf6 9. c4 g6 10. f3 Bg7 11. Be5 O-O 12. Qc2 exf3 13. Nxf3 Bf5 14. Bd3 Bxd3
15. Qxd3 b5 16. b3 bxc4 17. bxc4 Qa5+ 18. Bc3 Qa3 19. Qc2 Ne4 20. Bxg7 Qe3+ 21.
Qe2 Qxe2+ 22. Kxe2 Kxg7 23. Ke3 Nd6 24. Rhc1 f6 25. Rc2 Rab8 26. Kf2 Rb4 27.
Rac1 Rfb8 28. Nd2 Rb2 29. Nb3 Rxc2+ 30. Rxc2 Ne4+ 31. Ke3 f5 32. g4 Kf6 33. h4
Ke5 34. g5 e6 35. Na5 Rb1 36. Nb3 exd5 37. cxd5 Kxd5 38. Nd2 Re1+ 39. Kf3 Nxd2+
40. Rxd2+ Kc6 41. Kf4 Re4+ 42. Kf3 0-1

[Event "4NCL Online Division 2"]
[Site "online"]
[Date "2020.04.21"]
[Round "3.41"]
[White "Thorpe, Thomas"]
[Black "Hopkins, Kit W"]
[Result "0-1"]
[WhiteElo "2027"]
[BlackElo "2102"]
[PlyCount "140"]
[EventDate "2020.04.21"]
[WhiteTeam "Exeter Honey Badgers"]
[BlackTeam "Yorkshire Universities"]

1. e4 c5 2. Nc3 d6 3. f4 g6 4. Nf3 Bg7 5. Bb5+ Bd7 6. Bc4 Nf6 7. e5 Nh5 8.
Bxf7+ Kxf7 9. e6+ Ke8 10. exd7+ Qxd7 11. O-O Nc6 12. Ne2 Nd4 13. Nexd4 cxd4 14.
d3 Rf8 15. Qe2 Rc8 16. Ng5 h6 17. Ne6 Rf7 18. g4 Nf6 19. f5 gxf5 20. gxf5 Qc6
21. Rf2 Kd7 22. Nxd4 Qd5 23. Qe6+ Kd8 24. c3 Qxe6 25. Nxe6+ Kd7 26. Bd2 Rg8 27.
Rg2 Bf8 28. Rxg8 Nxg8 29. Rf1 Nf6 30. Nxf8+ Rxf8 31. Bxh6 Rg8+ 32. Kh1 Ng4 33.
Bf4 Rh8 34. Bg3 Rh5 35. Rf3 Nh6 36. f6 exf6 37. Rxf6 Nf5 38. Kg2 Ke7 39. Rg6
Kf7 40. Rxd6 Nxd6 41. Bxd6 Rd5 42. Bb8 Rxd3 43. Bxa7 Rd2+ 44. Kg3 Rxb2 45. Bd4
Rxa2 46. h4 Kg6 47. Kg4 Rg2+ 48. Kf3 Rh2 49. Kg3 Rh1 50. Kg4 b5 51. Bc5 Rh2 52.
Kg3 Rc2 53. Bd4 Kh5 54. Bf6 Re2 55. Bg5 Re4 56. Kf3 Rc4 57. Bf6 Rc6 58. Bd4
Kxh4 59. Ke4 Kg4 60. Kd5 Rc8 61. Bc5 Kf5 62. Bd4 Rc4 63. Bg7 Kf4 64. Bd4 Kf3
65. Ke5 Ke2 66. Ke4 Kd2 67. Kd5 Rxc3 68. Bc5 Kd3 69. Kc6 Kc4 70. Kb6 b4 0-1

[Event "4NCL Online Division 2"]
[Site "online"]
[Date "2020.04.21"]
[Round "3.42"]
[White "Leah, Tom"]
[Black "Paulden, Tim"]
[Result "1-0"]
[WhiteElo "2065"]
[BlackElo "2057"]
[PlyCount "61"]
[EventDate "2020.04.21"]
[WhiteTeam "Yorkshire Universities"]
[BlackTeam "Exeter Honey Badgers"]

1. e4 g6 2. d4 Bg7 3. Nc3 a6 4. Be3 d6 5. Qd2 b5 6. h4 h5 7. Nh3 Bb7 8. f3 Nd7
9. O-O-O c5 10. dxc5 Nxc5 11. Kb1 Rc8 12. Bd4 Nf6 13. Nd5 Bxd5 14. exd5 Kf8 15.
Ng5 Kg8 16. g3 Nfd7 17. Qf4 f6 18. Ne6 Nxe6 19. dxe6 Nc5 20. Qe3 Bh6 21. Qe2
Qc7 22. g4 hxg4 23. fxg4 Bf4 24. g5 Be5 25. gxf6 exf6 26. Qg4 Kg7 27. Rg1 Nxe6
28. Qxg6+ Kf8 29. Bxe5 dxe5 30. Qxf6+ Qf7 31. Qxh8+ 1-0

[Event "4NCL Online Division 2"]
[Site "online"]
[Date "2020.04.21"]
[Round "3.43"]
[White "Lowe, Chris"]
[Black "Lopez Cadenas, Nestor"]
[Result "1-0"]
[WhiteElo "2027"]
[BlackElo "1933"]
[PlyCount "66"]
[EventDate "2020.04.21"]
[WhiteTeam "Exeter Honey Badgers"]
[BlackTeam "Yorkshire Universities"]

1. e4 e6 2. d4 d5 3. Nd2 dxe4 4. Nxe4 Nd7 5. Nf3 Ngf6 6. Bd3 Nxe4 7. Bxe4 Nf6
8. Bg5 Be7 9. Bxf6 Bxf6 10. Qd3 g6 11. h4 c6 12. O-O-O Qa5 13. Kb1 Bd7 14. Ne5
Bxe5 15. dxe5 O-O-O 16. f4 c5 17. Qf3 Qc7 18. Qa3 a6 19. Rd6 Bb5 20. c4 Bc6 21.
Bxc6 Rxd6 22. Bxb7+ Kxb7 23. exd6 Qxd6 24. Qb3+ Kc7 25. Rd1 Qxf4 26. Qc3 Qf5+
27. Ka1 Rb8 28. Qd2 Qe5 29. Qd7+ Kb6 30. Rd6+ Ka5 31. Qc7+ Ka4 32. Rxa6+ Kb4
33. Qxe5 Kxc4 1-0

[Event "4NCL Online Division 2"]
[Site "online"]
[Date "2020.04.21"]
[Round "3.44"]
[White "Bradey, Joseph B"]
[Black "O'Neill, Paul"]
[Result "1-0"]
[WhiteElo "1795"]
[BlackElo "2052"]
[PlyCount "45"]
[EventDate "2020.04.21"]
[WhiteTeam "Yorkshire Universities"]
[BlackTeam "Exeter Honey Badgers"]

1. e4 e5 2. Nc3 Nf6 3. f4 d5 4. fxe5 Nxe4 5. Nf3 Bf5 6. Be2 Nc6 7. d3 Nxc3 8.
bxc3 d4 9. c4 Bc5 10. O-O Qd7 11. Bg5 h6 12. Bh4 g5 13. Bg3 O-O-O 14. Nxg5 Be6
15. Ne4 Be7 16. Bf3 Rdg8 17. Rb1 Rxg3 18. Nxg3 Nxe5 19. Bxb7+ Kd8 20. Be4 Qc8
21. Qh5 Bg5 22. Nf5 Ng6 23. h4 1-0

[Event "4NCL Online Division 2"]
[Site "online"]
[Date "2020.04.21"]
[Round "3.51"]
[White "Carroll, Peter"]
[Black "Savidge, Daniel"]
[Result "1-0"]
[WhiteElo "2009"]
[BlackElo "2155"]
[PlyCount "47"]
[EventDate "2020.04.21"]
[WhiteTeam "Gonzaga C-ing is Believing"]
[BlackTeam "Bristol University A"]

1. d4 f5 2. Qd3 d5 3. g4 fxg4 4. h3 g3 5. Qxg3 c5 6. dxc5 Nc6 7. Nf3 Nf6 8.
Nbd2 Bf5 9. c3 e5 10. Nxe5 Bxc5 11. Nxc6 bxc6 12. Qe5+ Qe7 13. Qxf5 O-O 14. Qd3
Bxf2+ 15. Kxf2 Ne4+ 16. Kg1 Qg5+ 17. Bg2 Rf2 18. Rh2 Raf8 19. Nf3 Qg3 20. Be3
R2xf3 21. exf3 Rxf3 22. Qa6 Rf2 23. Qxa7 c5 24. Qa8+ 1-0

[Event "4NCL Online Division 2"]
[Site "online"]
[Date "2020.04.21"]
[Round "3.52"]
[White "Gallagher, Ian G"]
[Black "Casey, Eoghan"]
[Result "1-0"]
[WhiteElo "2132"]
[BlackElo "1954"]
[PlyCount "53"]
[EventDate "2020.04.21"]
[WhiteTeam "Bristol University A"]
[BlackTeam "Gonzaga C-ing is Believing"]

1. d4 g6 2. e4 Bg7 3. Nc3 c5 4. dxc5 Qa5 5. Bd2 Qxc5 6. Nd5 Na6 7. Nf3 Bxb2 8.
Rb1 Bg7 9. Bxa6 bxa6 10. Bb4 Qc6 11. O-O e6 12. Re1 Bb7 13. Ba5 Rc8 14. Nd4 Qc5
15. Rxb7 Bxd4 16. Nc7+ Rxc7 17. Bxc7 Bxf2+ 18. Kh1 Bxe1 19. Bd6 Qc8 20. Rb8
Qxb8 21. Bxb8 Bf2 22. Qe2 Bd4 23. Qc4 Bb6 24. Qc8+ Ke7 25. e5 f6 26. Bd6+ Kf7
27. Qf8# 1-0

[Event "4NCL Online Division 2"]
[Site "online"]
[Date "2020.04.21"]
[Round "3.53"]
[White "Moran, Darragh"]
[Black "Vaughan, Alex"]
[Result "0-1"]
[WhiteElo "1868"]
[BlackElo "1975"]
[PlyCount "56"]
[EventDate "2020.04.21"]
[WhiteTeam "Gonzaga C-ing is Believing"]
[BlackTeam "Bristol University A"]

1. e4 e6 2. d4 d5 3. Nc3 Bb4 4. Qg4 Nf6 5. Qxg7 Rg8 6. Qh6 Rg6 7. Qe3 c5 8.
Nge2 cxd4 9. Nxd4 Nxe4 10. a3 Bxc3+ 11. bxc3 e5 12. Nf3 Nc6 13. Bb2 Be6 14. g3
Qc7 15. Bd3 O-O-O 16. O-O-O f5 17. c4 d4 18. Qe1 Nc5 19. Bf1 Na4 20. c3 Qb6 21.
Rd2 dxc3 22. Rxd8+ Nxd8 23. Bxc3 Qb3 24. Nxe5 Nxc3 25. Nxg6 Na2+ 26. Kd2 Qc3+
27. Kd1 Qc1+ 28. Ke2 Bxc4+ 0-1